Several complex variables V : complex analysis in partial differential equations and mathematical physics /
Guardado en:
| Otros Autores: | |
|---|---|
| Formato: | Libro |
| Idioma: | English Russian |
| Publicado: |
Berlin :
Springer-Verlag,
c1993.
|
| Series: | Encyclopaedia of mathematical sciences ;
v. 54 |
| Materias: | |
| Etiquetas: |
Agregar Etiqueta
Sin Etiquetas, Sea el primero en etiquetar este registro!
|
| LEADER | 01445cam a2200313 a 4500 | ||
|---|---|---|---|
| 001 | MAT.inmabb004179 | ||
| 008 | 930513s1993####gw#######b####001#0#eng## | ||
| 005 | 20180612143729.0 | ||
| 245 | 1 | 0 | |a Several complex variables V : |b complex analysis in partial differential equations and mathematical physics / |c G. M. Khenkin (ed.). |
| 260 | |a Berlin : |b Springer-Verlag, |c c1993. | ||
| 300 | |a 286 p. ; |c 24 cm. | ||
| 440 | 0 | |a Encyclopaedia of mathematical sciences ; |v v. 54 | |
| 500 | |a Traducción de la edición original en ruso (Moscú : VINITI, 1989). | ||
| 504 | |a Incluye referencias bibliográficas e índices. | ||
| 505 | 0 | |a C. A. Berenstein and D. C. Struppa, Complex analysis and convolution equations -- G. M. Khenkin and R. G. Novikov, The Yang-Mills fields, the Radon-Penrose transform, and the Cauchy-Riemann equations -- A. Yu. Morozov and A. M. Perelomov, Complex geometry and string theory. | |
| 510 | 4 | |a MR, |c 95k:32002 | |
| 020 | |a 3540544518 (Berlin) | ||
| 020 | |a 0387544518 (New York) | ||
| 130 | |a Kompleksnyi analiz--mnogie peremennye 5. |l Inglés | ||
| 700 | 1 | |a Khenkin, G. M. |4 edt | |
| 246 | 3 | |a Several complex variables 5. | |
| 650 | 0 | |a Functions of several complex variables. | |
| 650 | 0 | |a Differential equations, Partial. | |
| 650 | 0 | |a Mathematical physics. | |
| 084 | |a 32-06 (00B55) |2 MR | ||
| 010 | |a 93004830 | ||
| 040 | |a DLC |c DLC |d DLC | ||
| 041 | 1 | |a eng |h rus | |
| 859 | |h 32 |i Se498c |p A-7031 |3 Vol. V |b BIB. MATEMATICA | ||
